000
00283nam a22001337a 4500
008
170925b xxu||||| |||| 00| 0 eng d
020
_a
2900262511260
041
_a
eng
080
_2
2ND
_a
37
100
_a
46
101
_a
EDU
245
_a
LOGIC PRIMER
_c
ALLEN,C
942
_2
udc
_c
BK
999
_c
29582
_d
29582